|
|
|
|
| LEADER |
01005nam a2200193 a 4500 |
| 001 |
GR-MES2791 |
| 008 |
991111s1986 gr 000 0 gre d |
| 040 |
|
|
|a GrPaTEI
|b gre
|c GR-PaULI
|
| 245 |
0 |
0 |
|a Κωδικός περί συνεταιρισμών :
|b Αστικοί-αγροτικοί-οικοδομικοί-δημοκρατική λειτουργία συνεταιρισμών αγροτικές συνδικαλιστικές οργανώσεις.
|
| 260 |
|
|
|a Αθήναι :
|b Πάμισος,
|c 1986
|
| 300 |
|
|
|a 175σελ.
|
| 490 |
0 |
|
|a Κώδικες οικονομικής νομοθεσίας ;
|v 13
|
| 650 |
|
4 |
|a ΟΡΓΑΝΩΣΕΙΣ
|
| 650 |
|
4 |
|a Συνεταιρισμοί
|
| 700 |
1 |
|
|a Τότσης, Χρήστος Ν.
|
| 942 |
|
|
|2 ddc
|
| 952 |
|
|
|0 0
|1 0
|2 ddc
|4 0
|6 334_000000000000000_ΤΟΤ
|7 0
|9 267218
|a MSLG
|b MSLG
|c BSC
|d 2021-01-17
|e 24
|f 0
|g 0.00
|l 0
|o 334 ΤΟΤ
|p 2420000001521
|r 2021-01-17 00:00:00
|t 1
|w 2021-01-17
|y BK15
|x 19991111 0 1
|x GrPaTEI
|
| 971 |
|
|
|a .b25738367
|b 16-04-20
|c 13-09-16
|
| 999 |
|
|
|c 153833
|d 153833
|